Plus grandes Villes par etats : UK, des USA, du Canada et d'Australie - Statistiques

Statistiques générales
  • Ce quiz a été pris 53 fois
  • Le résultat moyen est 37 sur 76
Statistiques - réponses
Hint Réponse % Correct
Californie Los Angeles
91%
Nevada Las Vegas
84%
Texas Houston
82%
Angleterre Londres
82%
Washington Seattle
82%
Hawaï Honolulu
80%
Quebec Montreal
80%
New-York New-York
80%
Géorgie Atlanta
77%
Massachussets Boston
77%
Illlinois Chicago
77%
Louisiane La Nouvelle-Orléans
77%
Irlande du Nord Belfast
75%
Arizona Phoenix
75%
Pays de Galles Cardiff
73%
Ecosse Glasgow
73%
Colorado Denver
70%
Oklahoma Oklahoma City
70%
Ontario Toronto
70%
Indiana Indianapolis
68%
Utah Salt Lake City
68%
Michigan Détroit
66%
Nouvelle Galles du Sud Sydney
66%
Colombie Britanique Vancouver
64%
Nouveau-Mexique Albuquerque
61%
Territoire de la capitale australienne Canberra
61%
Floride Jacksonville
61%
Pennsylvanie Philadelphie
61%
Oregon Portland
61%
Australie-Occidentale Perth
59%
District de Columbia Washington DC
59%
Queensland Brisbane
57%
Victoria Melbourne
57%
Minnesota Minneapolis
57%
Alaska Anchorage
55%
Caroline du Nord Charlotte
52%
Maryland Baltimore
50%
Alberta Calgary
50%
Tennessee Nashville
50%
Wisconsin Milwaukee
48%
Idaho Boise
45%
Territoire du Nord Darwin
43%
Australlie-Méridionale Adelaïde
41%
Missouri Kansas City
41%
New-Jersey Newark
36%
Manitoba Winnipeg
36%
Wyoming Cheyenne
34%
Tasmanie Hobart
34%
Rhode Island Providence
34%
Ohio Columbus
32%
Iowa Des Moines
32%
Nouvelle Ecosse Halifax
32%
Alabama Montgomery
32%
Caroline du Sud Charleston
27%
Mississippi Jackson
27%
Arkansas Little Rock
27%
Kentucky Louisville
27%
Nebraska Omaha
27%
Maine Portland
27%
Saskatchewan Saskatoon
27%
Montana Billings
25%
Yukon Whitehorse
25%
Territoires du Nord-Ouest Yellowknife
25%
Ile du Prince Edward Charlottetown
23%
Vermont Burlington
20%
Dakota du Nord Fargo
20%
Terre-Neuve-et-Labradore Saint-Jean
20%
Dakota du Sud Sioux Falls
20%
Virginie Virginia Beach
20%
Kansas Wichita
20%
Virginie Occidentale Charleston
16%
Nunavut Iqaluit
16%
New-Hampshire Manchester
16%
Connecticut Bridgeport
14%
Delaware Wilmington
14%
Nouveau Brunswick Saint John
11%
Aucun quiz correspondant
Distribution des résultats
% des personnes avec chaque résultat
Percentile par nombre de réponses
Votre historique - résultats
Vous n’avez pas pris ce quiz